00302nam a2200121Ia 4500100003400000250000600034654003300040245003100073260003700104082001900141300000800160546001200168 aCraig/ John Clark/ Webb/Jeff  a4 aMicrosoft visual basic 5.0 aMicrosoft Visual basic 5.0 bMicrosoft PressaNew Delhic1997 a5.133bCRA/WEB a725 aENGLISH